000 00353nam a2200133Ia 4500
008 240624s9999 xx 000 0 und d
041 _aeng
082 _a658.4036 BEN
100 _aBENS INGRID
245 _aFACILITATING WITH EASE CORE SKILLS FOR F
260 _c2005
_aSan Francisco
_bJossey-Bass
300 _ax, : 214 : p. : cm. ; 27
365 _c
_b27
999 _c17728
_d17728